00890nam a22002057a 4500008004100000020001500041050001300056100002300069245006400092250001200156260004300168300002900211500002000240505023700260700002000497700002100517942001200538999001600550952011800566190806b xxu||||| |||| 00| 0 eng d a044306461X aQR47.S25 aSamaranayake, L.P. aEssential microbiology for dentistry. /cL. P. Samaranayke. a2nd ed. aOxford:bChurchill Livingstone,c2002. axi, 293 p.:bill.;c30cm aIncludes index. aContents: Part 1: General microbiology -- Part 2: Basic immunology -- Part 3: Microbes of relevance to dentistry -- Part 4: Infections of relevance to dentistry -- Part 5: Oral microbiology -- Part 6: Cross-infection and control. aJones, Brian M. aScully, Crispian 2lcccBK c6876d14376 00102lcc4070aWIUC-1bWIUC-1d2019-08-07l0oQR47.S25pNURS/591/253/19r2019-08-07 00:00:00t1w2019-08-07yBK